| 000 | 00000nam##2200000za#4500 |
| 001 | 9.695706 |
| 003 | CaOODSP |
| 005 | 20230202144025 |
| 007 | cr ||||||||||| |
| 008 | 150407|1996||||xxc|||||o f|0| 0 eng|d |
| 040 | |aCaOODSP|beng |
| 043 | |an-cn--- |
| 086 | 1 |aH72-21/146-1996E-PDF |
| 110 | 2 |aNational Clearinghouse on Family Violence (Canada). |
| 245 | 10|aOffender profiles / |h[electronic resource]|c[by the] National Crime Prevention Council Canada. |
| 260 | |aOttawa - Ontario : |bHealth Canada. |cSeptember 1995. |
| 300 | |a12p.|breferences |
| 590 | |a12-13-Supp|b2012-04-03 |
| 776 | 0#|tOffender profiles / |w(CaOODSP)9.646262 |
| 856 | 40|ahttp://publications.gc.ca|qPDF|s1006 KB|uhttps://publications.gc.ca/collections/Collection/H72-21-146-1996E.pdf |